| 000 | 00371nam a2200121Ia 4500 | ||
|---|---|---|---|
| 008 | 240731s9999 xx 000 0 und d | ||
| 022 | _a1362-3028 | ||
| 245 | 0 | _aMolecular Physics : An International Journal at the Interface Between Chemistry and Physics | |
| 260 | _bTaylor & Francis | ||
| 856 | _uhttps://www.tandfonline.com/loi/tmph20 | ||
| 942 | _2ddc | ||
| 942 | _cTFEJ | ||
| 999 |
_c78611 _d78611 |
||
| 945 |
_a1 _bMadushi Gamage _c1 _dMadushi Gamage |
||